C. Claudel (Record no. 88847)

MARC details
000 -LEADER
campo de control de longitud fija 00674nam a2200205 i 4500
001 - NÚMERO DE CONTROL
campo de control 88847
003 - IDENTIFICADOR DE NÚMERO DE CONTROL
campo de control ES-MaACL
005 - FECHA Y HORA DE LA ÚLTIMA TRANSACCIÓN
campo de control 20260617123412.0
007 - CAMPO FIJO DE DESCRIPCIÓN FÍSICA--INFORMACIÓN GENERAL
campo de control de longitud fija t|
008 - DATOS DE LONGITUD FIJA--INFORMACIÓN GENERAL
campo de control de longitud fija 050112s1991 fr ||||1| fre d
080 ## - NÚMERO DE LA CLASIFICACIÓN DECIMAL UNIVERSAL
Número de la Clasificación Decimal Universal 73 Claudel, Camille (083.824)
100 ## - ENTRADA PRINCIPAL--NOMBRE DE PERSONA
Nombre de persona Claudel, Camille,
Fechas asociadas al nombre 1864-1943
9 (RLIN) 239251
245 10 - MENCIÓN DEL TÍTULO
Título C. Claudel
Resto del título : [exposition, Paris, Musée Rodin] 12 mars-2 juin 1991.
260 ## - PUBLICACIÓN, DISTRIBUCIÓN, ETC.
Lugar de publicación, distribución, etc. Paris :
Nombre del editor, distribuidor, etc. Musée Rodin,
Fecha de publicación, distribución, etc. [1991]
300 ## - DESCRIPCIÓN FÍSICA
Extensión 175 p. :
Otras características físicas il. col. y n. ;
Dimensiones 24 cm.
600 04 - PUNTO DE ACCESO ADICIONAL DE MATERIA--NOMBRE DE PERSONA
Nombre de persona Claudel, Camille,
Fechas asociadas al nombre 1864-1943-
Subdivisión de forma Exposiciones
9 (RLIN) 39083
710 2# - ENTRADA AGREGADA--NOMBRE DE ENTIDAD CORPORATIVA
Nombre de entidad corporativa o nombre de jurisdicción como elemento de entrada Musée Rodin.
9 (RLIN) 5818
852 ## - LOCALIZACIÓN
Ubicación ES-MaACL
Número de control de estantería E-10701
Sublocalización o colección R.135062
Holdings
Estatus retirado Estado de pérdida Estado de daño No para préstamo Biblioteca de origen Biblioteca actual Ubicación en estantería Fecha de adquisición Fuente de adquisición Total de préstamos Signatura topográfica completa Código de barras Visto por última vez Precio de reemplazo Tipo de ítem Koha
        Biblioteca del Ateneo de Madrid Biblioteca del Ateneo de Madrid Depósito 2 17/01/2008     E-10701 1092798 23/02/2023 23/02/2023 Libro impreso